000 00853nam a22002537a 4500
003 OSt
005 20170105102931.0
008 140402b xxu||||| |||| 00| 0 eng d
020 _a9789699982002 (pbk)
040 _a1
082 _a355.02170954
_bYAM 2014
100 _aYamin, Tughral
245 _aThe Evolution of Nuclear Deterrence in South Asia
_bTughral Yamin PhD
260 _aIslamabad
_bThe Army Press
_c2014
300 _a vii,272 p.
_c22 cm.
650 _aStrategic Stability
650 _aNuclear Deterrence during Cold War
650 _aArms Control & Disarmament
650 _aThe Nature of Indo Pakistan Conflict
650 _aIndia-Pakistan Tensions in the Nuclear Age
650 _aThe Strategic Culture of the South Asia
650 _aState of Strategic Stability in South Asia & Prospects for the Future
942 _2ddc
_cBK
999 _c16043
_d16043